Molekulárne mechanizmy v medzidruhových interakciách rodu Trichoderma

Salvato in:
Dettagli Bibliografici
Autore principale: Pagáč, Tomáš (Autore)
Altri autori: Olejníková, Petra (Relatore della tesi)
Natura: Manoscritto Libro
Lingua:slovacco
Pubblicazione: 2018
Soggetti:
Accesso online:http://is.stuba.sk/zp/portal_zp.pl?podrobnosti=119988
Tags: Aggiungi Tag
Nessun Tag, puoi essere il primo ad aggiungerne!!

MARC

LEADER 00000ntm a22000003a 4500
001 stuzp49083
003 SK-STU
005 20180901210346.1
007 ta
008 150427s2015----xo-----f-mn---000-0-slo-d
040 |a STU  |b slo 
041 0 |a slo 
100 1 |a Pagáč, Tomáš  |u 043000  |k Z3  |4 aut  |U FCHPT Fakulta chemickej a potravinárskej technológie  |T FCHPT Ústav biochémie a mikrobiológie  |X 69412  |U C3000  |Y 101  |7 A0000069412 
242 0 1 |a The molecular mechanisms of Trichoderma sp. interaction with other fungi and plants  |y eng 
245 1 0 |a Molekulárne mechanizmy v medzidruhových interakciách rodu Trichoderma 
260 |c 2018 
650 4 |a Trichoderma sp.  |2 slo 
650 4 |a mykoparazitizmus  |2 slo 
650 4 |a sekundárny metabolizmus  |2 slo 
650 4 |a kyselina 3-indol octová  |2 slo 
650 4 |a mycoparasitism  |2 eng 
650 4 |a secondary metabolism  |2 eng 
650 4 |a indo-3-acetic acid  |2 eng 
650 4 |a Trichoderma sp.  |2 eng 
700 1 |a Olejníková, Petra  |u 043000  |k Z2  |4 ths  |U FCHPT Fakulta chemickej a potravinárskej technológie  |T FCHPT Ústav biochémie a mikrobiológie  |X 3976  |U C3000  |Y 101  |7 A000003976 
856 4 |u http://is.stuba.sk/zp/portal_zp.pl?podrobnosti=119988